000 00723nam a22002292i 4500
001 33518
003 BD-RjUL
005 20211209052025.0
008 140508s1953 e 000 0 eng d
035 _aOCLC ocm30167227 from D960709M
_a(BD-RjUL)33609
040 _aUKM
_cUKM
_dBD-RjUL
_beng
041 _aeng
082 _a300.71
_218
_bNIS 1953
100 1 _aNicholson, Frederick James
_9101722
245 1 0 _aSocial studies for future citizens /
_cNicholson, Frederick James
260 _aLondon :
_c1953.
_bGeorge G.Harrap & Co.,
300 _a[4] 96 p. :
_bill. ;
_c21 cm
650 _aSocial sciences Study and teaching
_9101723
700 1 _aWright, Victor Kenneth.
_9101724
942 _2ddc
_cBK
999 _c33518
_d33518